000 01006nam a22002177a 4500
005 20260212091830.0
008 230915b ||||| |||| 00| 0 eng d
082 _aDPer 570 J826 February-November 2020 v. 54 n. 1-5.
100 _aBenhadi-Marin, Jacinto.
_eauthor.
_948978
245 _aEcoPred :
_ban educational individual based model to explain biological control, a case study within an arable land /
_cJacinto Benhadi-Marin, Jose Alberto Pereira, Jose Paulo Sousa, and Sonia A.
260 _aUnited Kingdom ;
_bTaylor & Francis Group ,
_cJune 2020.
300 _aVolume 54, pages 271-286 :
_billustration ;
_c25 cm.
521 _aJournal of Biological Education, vol. 54, no. 3, pages 271-286, June 2020.
650 _aBiology.
_948979
650 _aPredatory animals.
_948980
700 _aBenhadi-Marin, Jacinto.
_eauthor.
_948978
700 _aPereira, Jose Alberto.
_eauthor.
_948981
700 _aSousa, Jose Paulo.
_eauthor.
_948982
700 _aA., Sonia.
_eauthor.
_948983
942 _2ddc
_cPER
999 _c18188
_d18188